000
00267nam a2200133Ia 4500
100
_a
Narayanan/S
942
_c
BK
245
_a
Dynamics
260
_b
S.Chand and Co.
_a
New Dellhi
_c
1982
082
_a
531.3
_b
NAR
300
_a
315
546
_a
ENGLISH
999
_c
25450
_d
25450